| 000 | 01348nam a2200301 i 4500 | ||
|---|---|---|---|
| 001 | 187511 | ||
| 003 | ES-MaACL | ||
| 005 | 20230906222940.0 | ||
| 008 | 171020s1928 fr |||| | fre d | ||
| 245 | 0 | 0 |
_aLes grands salons littéraires, XVIIe et XVIIIe siècles : Conférences du Musée Carnavalet (1927) / _cintrod. de Louis Gillet. |
| 260 |
_aParis : _bPayot, _c1928. |
||
| 300 |
_a176 p., 16 h. de lám. ; _c20 cm. |
||
| 490 | 1 | _aConférences du Musée Carnavalet | |
| 505 | 8 | _aContiene: Le Salon de la Marquise de Rambouillet / par Louis Batiffol ; Madame de la Sablière / par André Hallays ; Madame de Tencin / par Paul Reboux ; Madame Geoffrin / par Nozière ; Madame du Deffand / par André Bellessort | |
| 651 | 4 |
_aParis- _xUsos y costumbres- _yS.XVIII. _9147652 |
|
| 651 | 4 |
_aParis- _xUsos y costumbres- _yS.XVII. _9163735 |
|
| 651 | 4 |
_aParis- _xVida intelectual- _yS.XVII- _v. _9163736 |
|
| 651 | 4 |
_aParis- _xVida intelectual- _yS.XVIII. _9163737 |
|
| 700 | 0 |
_aBatiffol, Louis. _926424 |
|
| 700 | 1 |
_aHallays, André ( _d1859-1930) _961583 |
|
| 700 | 0 |
_aReboux, Paul. _995728 |
|
| 700 | 1 |
_aNozière, Fernand ( _d1874-1931) _9163733 |
|
| 700 | 0 |
_aGillet, Louis. _956970 |
|
| 710 | 2 |
_aMusée Carnavalet (Paris) _9163734 |
|
| 830 | 0 |
_aConférences du Musée Carnavalet _9192790 |
|
| 852 |
_aES-MaACL _jA-2813 |
||
| 999 |
_c187511 _d187511 |
||